LEADER 02070oem 2200505Ia 450 001 9910699124503321 005 20230902162123.0 035 $a(CKB)5470000002400654 035 $a(OCoLC)62364280 035 $a(EXLCZ)995470000002400654 100 $a20051129d2005 ua 101 0 $aeng 120 $ab|||||||||||| 121 $a||||||||| 124 $bd 135 $aurcnu--|m|||| 181 $ccrd$2rdacontent 182 $cc$2rdamedia 183 $acr$2rdacarrier 200 10$aLifelines and earthquake hazards along the Interstate 5 Urban Corridor, Woodburn, Oregon to Centralia, Washington$b[electronic resource] /$fby E. A. Barnett ... [and others] ; U.S. Department of the Interior, U.S. Geological Survey 205 $aVersion 1.0. 210 1$a[Reston, Va.] :$cU.S. Dept. of the Interior, U.S. Geological Survey,$d2005. 215 $a1 online resource (1 map) $ccolor 225 1 $aU.S. Geological Survey open-file report ;$v2005-1085 300 $aRelief shown by shading. 300 $aTitle from HTML index page (viewed on Nov. 28, 2005). 300 $aIncludes text, col. ill., location map, block diagram, 3 ancillary maps, and 3 tables. 320 $aIncludes bibliographical references. 410 0$aU.S. Geological Survey open-file report ;$v2005-1085. 606 $aLifeline earthquake engineering$zOregon$zPortland Region$vMaps 606 $aLifeline earthquake engineering$zInterstate 5 Region$vMaps 606 $aLifeline earthquake engineering$zWashington (State)$zVancouver Region$vMaps 608 $aMaps.$2lcgft 615 0$aLifeline earthquake engineering 615 0$aLifeline earthquake engineering 615 0$aLifeline earthquake engineering 700 $aBarnett$b Elizabeth A$01396413 712 02$aGeological Survey (U.S.) 801 0$bGIS 801 1$bGIS 801 2$bGPO 906 $aBOOK 912 $a9910699124503321 996 $aLifelines and earthquake hazards along the Interstate 5 Urban Corridor, Woodburn, Oregon to Centralia, Washington$93475770 997 $aUNINA LEADER 01031nam0 22002651i 450 001 UON00422681 005 20231205104833.139 100 $a20130416f1972 |0itac50 ba 101 $afre 102 $aFR 105 $a|||| 1|||| 200 1 $aMIserable miracle$ela mescaline avec quarante-huit dessins et documents manuscrits originaux de l'auteur$fHenri Michaux 205 $anouvelle édition revue et augmentée 210 $aParis$cGallimard$dc1972 215 $a195 p.: ill.$d19 cm. 620 $aFR$dParis$3UONL002984 676 $a840.9$cLetteratura francese. 1900-$v21 700 1$aMICHAUX$bHenri$3UONV122661$0201936 712 $aGallimard$3UONV246610$4650 801 $aIT$bSOL$c20240220$gRICA 899 $aSIBA - SISTEMA BIBLIOTECARIO DI ATENEO$2UONSI 912 $aUON00422681 950 $aSIBA - SISTEMA BIBLIOTECARIO DI ATENEO$dSI Francese VI A MIC 16 $eSI LO 18447 5 16 $sBuono 996 $aMIserable miracle$91334674 997 $aUNIOR